| 000 | 00357nam a2200145Ia 4500 | ||
|---|---|---|---|
| 005 | 20251222143215.0 | ||
| 008 | 251222s9999||||xx |||||||||||||| ||spa|| | ||
| 020 | _a9788478884957 | ||
| 082 | _a823.914/R87 | ||
| 100 | _aRowling, J.K. | ||
| 245 | 0 | _aHarry Potter y la Cámara Secreta | |
| 250 | _a1ra. ed. | ||
| 264 | _bEdiciones Salamandra | ||
| 942 | _cLIB | ||
| 999 |
_c13592 _d13592 |
||